| 000 | 00785pam a2200265 a 4500 | ||
|---|---|---|---|
| 008 | |||
| 020 | _a0030970539 (hbk.) | ||
| 049 | _aMAIN | ||
| 090 |
_aHF1416 _bTER |
||
| 100 | 1 | _aTerpstra, Vern. | |
| 245 | 1 | 0 |
_aInternational marketing / _cVern Terpstra [and] Ravi Sarathy. |
| 250 | _a6th ed. | ||
| 260 |
_aNew York : _bDryden Press, _cc1994. |
||
| 300 |
_axxiv, 726 p. : _bill. ; _c25 cm. |
||
| 440 | 4 | _aThe Dryden Press series in marketing | |
| 500 | _aIncludes index | ||
| 504 | _aIncludes bibliographical references. | ||
| 650 | 0 |
_aExport marketing _xManagement. |
|
| 700 | 1 | _aSarathy, Ravi. | |
| 907 |
_a.b10295501 _b16-12-11 _c09-05-11 |
||
| 003 | |||
| 005 | 20230123125244.0 | ||
| 040 | _cNUST | ||
| 942 |
_cBOOKS _kHF1416 _mTER |
||
| 999 |
_c138407 _d138407 |
||